000 01140nam a2200205Ii 4500
003 JO-AjNU
008 230605s9999||||xx |||||||||||||| ||und||
017 _a2010/2/483
040 _aJO-AjNU
_bara
_erda
_cJO-AjNU
041 _aara
050 1 4 _aHD5708.F36.2010
100 3 _a منسق المحور محمد العجلوني ؛ المشرف على السلسلة أنور البطيخي ,
_eauthor
_945184
245 0 0 _aالفقر والبطالة واحتياجات سوق العمل : وقائع المؤتمر الرابع للبحث العلمي في الأردن 7/11/2009 : الأوراق العلمية المحكمة
264 3 1 _aعمان:الجامعة الاردنية للبحث العلمي
300 _a242ص
_bيتضمن مراجع ببليوجرافية و ملخصات باللغتيين العربية والإنجليزية، ونصوص باللغتيين العربية والإنجليزية
336 _atext
_btxt
_2rdacontent
337 _aunmediated
_bn
_2rdamedia
338 _avolume
_bnc
_2rdacarrier
650 4 _aالفقر-البطالة-احوال اجتماعية-الاردن-مؤتمرات
_945185
999 _aA19567
_c23135
_d23135